| 000 | 00808nam a2200253Ia 4500 | ||
|---|---|---|---|
| 008 | 170203s9999 xx 000 0 und d | ||
| 020 | _a9715180388 | ||
| 050 | _aFic | ||
| 050 | _bAe254t | ||
| 100 | _aPastor, Boots S.A. | ||
| 245 | 4 | _aThe mouse and the Lion / | |
| 245 | _cstory by Aesop ; retold by Boots S.A. Pastor ; illustrated by Jason Moss = Ang daga at ang leon / kuwento ni Aesop ; muling isinalaysay ni Boots S.A. Pastor ; iginuhit ni Jason Moss. | ||
| 260 | _aManila, Philippines : | ||
| 260 | _bLampara Pub. House, | ||
| 260 | _c2003 | ||
| 300 | _a1 volume (unpaged) : | ||
| 300 | _bcolor illustrations ; | ||
| 300 | _c30 cm | ||
| 650 | _aBilingual. | ||
| 650 | _aFables -- | ||
| 650 | _aFables. | ||
| 650 | _xJuvenile films. | ||
| 650 | _xTagalog language materials -- | ||
| 999 |
_c306349 _d306349 |
||